I ragazzi sognanti /

Uloženo v:
Podrobná bibliografie
Hlavní autor: Kokoschka, Oskar (Autor)
Další autoři: Tenenbaum, Katja
Médium: Kniha
Jazyk:italština
Vydáno: Roma : Stampa Alternativa, 1985
Edice:Fiabesca ; 14
Témata:
Tagy: Přidat tag
Žádné tagy, Buďte první, kdo vytvoří štítek k tomuto záznamu!

MARC

LEADER 00000nam a22000007i 4500
001 IT\ICCU\LO1\0005417
003 ItRI
005 20260115232331.0
008 030623s1985 it |||||| ||||| |||||c
040 |b ita  |c importazione bologna sebina 
041 7 |a ita  |2 ISO-639-2 
100 1 |a Kokoschka, Oskar  |0 IT\ICCU\CFIV\024440  |4 aut 
245 1 2 |a I ragazzi sognanti /  |c Oskar Kokoschka ; a cura di Katja Tenenbaum. 
260 |a Roma :  |b Stampa Alternativa,  |c 1985 
300 |a 36 p. :  |b ill. ;  |c 17 cm 
650 7 |a Kokoschka, Oskar 
700 1 |a Tenenbaum, Katja  |0 IT\ICCU\LO1V\132320 
790 1 |a Kokoschka, Oscar  |3 IT\ICCU\VEAV\058391  |z Kokoschka, Oskar 
790 1 |a Tenenbaum, Katia  |3 IT\ICCU\UTOV\557911  |z Tenenbaum, Katja 
830 0 |a Fiabesca ;  |v 14  |0 IT\ICCU\CFI\0171612 
942 |2 ddc  |c BK  |n 0 
952 |0 0  |1 0  |4 0  |6 DOC_831_912000000000000_KOK  |7 0  |9 24343  |a BO  |b BO  |d 2026-01-15  |i 14262  |l 0  |o DOC 831.912 KOK  |p BO14262  |r 2026-01-15 23:23:31  |w 2026-01-15  |x [Sebina 5] [1 v.]  |y BK  |z 1 v. 
999 |c 20721  |d 20721